00423nam a2200157Ia 4500008004100000040001900041041001200060082002400072100002000096245005500116260002500171300002400196650000800220700001900228850001800247131103s9999 xx 000 0 und d aLoreto College aEnglish aMIS/PRIbLCBED/4263 aPriestley, H.E. aWhen we leave schoolcH.E.Priestley & W.T.Phillips aLondonbMetuenc1954 a89p.b pic.c 19cm. aMis aPhillips, W.T. aLCBED/MIS/PRI